书目信息 |
| 题名: |
介电谱方法及应用
|
|
| 作者: | 赵孔双 著 | |
| 分册: | ||
| 出版信息: | 北京 化学工业出版社 2008 |
|
| 页数: | 322页 | |
| 开本: | 26cm | |
| 丛书名: | 化学前沿应用丛书 | |
| 单 册: | ||
| 中图分类: | O482.4 | |
| 科图分类: | ||
| 主题词: | 介电性质 | |
| 电子资源: | ||
| ISBN: | 978-7-122-02670-5 | |
| 000 | 00880oam2 2200241 45 | |
| 005 | 20100303153906.75 | |
| 010 | @a978-7-122-02670-5@dCNY68.00 | |
| 100 | @a20100120d2008 em y0chiy0120 ea | |
| 101 | 0 | @achi |
| 102 | @aCN@b110000 | |
| 105 | @ay z 000yy | |
| 106 | @ar | |
| 200 | 1 | @a介电谱方法及应用@AJie Dian Pu Fang Fa Ji Ying Yong@f赵孔双著@FZhao Kong Shuang Zhu |
| 210 | @a北京@c化学工业出版社@d2008 | |
| 215 | @a322页@d26cm | |
| 225 | 2 | @a化学前沿应用丛书 |
| 330 | @a本书全面阐述和介绍了介电谱方法的基本原理以及在以水为介质的化学和生物学体系中的应用;列举了经典的论文、综述及最近介电谱领域的重要研究成果,并进行了重点的解说和评述;概述了在尖端技术领域的应用前景。 | |
| 461 | 0 | @12001 @a化学前沿应用丛书 |
| 606 | 0 | @a介电性质 |
| 690 | @aO482.4@v4 | |
| 701 | 0 | @a赵孔双@AZhao Kong Shuang@4著 |
| 801 | 0 | @aCN@bTANGWEI@c20100303 |
| 905 | @b0584268-70@dO482.4@e49@f3 | |
| 介电谱方法及应用/赵孔双著.-北京:化学工业出版社,2008 |
| 322页;26cm.-(化学前沿应用丛书) |
| ISBN 978-7-122-02670-5:CNY68.00 |
| 本书全面阐述和介绍了介电谱方法的基本原理以及在以水为介质的化学和生物学体系中的应用;列举了经典的论文、综述及最近介电谱领域的重要研究成果,并进行了重点的解说和评述;概述了在尖端技术领域的应用前景。 |
| ● |
| 相关链接 |
|
|
|
|
正题名:介电谱方法及应用
索取号:O482.4/49
 
预约/预借
| 序号 | 登录号 | 条形码 | 馆藏地/架位号 | 状态 | 备注 |
| 1 | 0584268 | 205842686 | 第二样本阅览室/ [索取号:O482.4/49] | 在馆 | |
| 2 | 0584269 | 205842695 | 第三借阅区/ [索取号:O482.4/49] | 在馆 | |
| 3 | 0584270 | 205842702 | 第三借阅区/ [索取号:O482.4/49] | 在馆 |